000 00866nam a22002057a 4500
005 20240719124633.0
010 _aHIN-127787
020 _c1000.00
_a978-93-94928-96-1
035 _aHN-100133
037 _bDBAD
082 _a158.1
_21
100 _aश्रीचन्दानी, सुरेश कुमार
_968597
245 _aजीवन्त व्यक्तित्व पाना/
250 _a1
260 _aजयपुर
_bकमलदीप प्रिन्टर्स
270 _aएस-5, सरदार पटेल मार्ग
_bजयपुर, 302001
300 _a107 प्.
_c22 से.मी. (अजिल्द).
500 _aयहे किताब जीवनशेली के बारे में बताती हैं
942 _2ddc
_cHN
_h158.1
_mश्रीचसु
_e1
999 _c203476
_d203476